Overwatch characters real name - Statistics

General Stats
  • This quiz has been taken 50 times
  • The average score is 8 of 15
Answer Stats
Hint Answer % Correct
D.Va Hana Song
95%
Tracer Lena Oxton
83%
Reaper Gabriel Reyes
80%
Wrecking Ball Hammond
80%
Junkrat Jamison Fawkes
71%
Mercy Angela Ziegler
68%
Widowmaker Amélie Lacroix
59%
Pharah Fareeha Amari
59%
Roadhog Mako Rutledge
59%
Sombra Olivia Colomar
46%
Symmetra Satya Vaswani
39%
Zarya Aleksandra Zaryanova
37%
Doomfist Akande Ogundimu
29%
Zenyatta Tekhartha Zenyatta
15%
Soldier: 76 Jack Francis Morrison
2%
No matching quizzes found
Score Distribution
Percent of People with Each Score
Percentile by Number Answered
Your Score History
You have not taken this quiz